00303pab a2200121 454500008004000000100001600040245003700056260000900093300001100102362001100113650003700124773002000161180718b1990 xxu||||| |||| 00| 0 eng d aBajaj, K.K. aSocial audit of higher education c1990 a7-8,12 a8 Oct. aCollege and Universities - India aUniversity News